书目信息 |
| 题名: |
植物分子生物学实验指导
|
|
| 作者: | 米赫林 , Михлин 著 ;黎璧莹 译 | |
| 分册: | ||
| 出版信息: | 北京 科学出版社 1959 |
|
| 页数: | 350页 | |
| 开本: | 21cm | |
| 丛书名: | ||
| 单 册: | ||
| 中图分类: | Q505 | |
| 科图分类: | ||
| 主题词: | 生物--氧化 | |
| 电子资源: | ||
| ISBN: | 13031.1084 | |
| 000 | 00797cam0 2200265 450 | |
| 001 | 0105452221 | |
| 005 | 20071126162204.0 | |
| 010 | @a13031.1084@dCNY0.77 | |
| 091 | @a13031.1084@dCNY1.90 | |
| 100 | @a19960312d1959 em y0chiy0110 ea | |
| 101 | 1 | @achi@crus |
| 102 | @aCN@b110000 | |
| 105 | @ay z 000yy | |
| 106 | @ar | |
| 200 | 1 | @a植物分子生物学实验指导@9Zhi Wu Fen Zi Sheng Wu Xue Shi Yan Zhi Dao @f(苏)米赫林(Л.М.Михлин)著@g黎璧莹等译@b专著 |
| 210 | @a北京@c科学出版社@d1959 | |
| 215 | @a350页@d21cm | |
| 305 | @a据1956年俄文版译出 | |
| 606 | 0 | @a生物@x氧化 |
| 690 | @aQ505@v3 | |
| 701 | 1 | @a米赫林@9mi he lin@bЛ.М.@4著 |
| 701 | 1 | @aМихлин@bЛ.М.@4著 |
| 702 | 0 | @a黎璧莹@9li bi ying@4译 |
| 801 | 0 | @aCN@b上海图书馆@c19970403 |
| 905 | @aBZT@dQ50@e1@f1@sQ50/1 | |
| 植物分子生物学实验指导/(苏)米赫林(Л.М.Михлин)著/黎璧莹等译.-北京:科学出版社,1959 |
| 350页;21cm |
| ISBN 13031.1084:CNY0.77 |
| ● |
| 相关链接 |
|
|
|
正题名:植物分子生物学实验指导
索取号:Q50/1
 
预约/预借
| 序号 | 登录号 | 条形码 | 馆藏地/架位号 | 状态 | 备注 |
| 1 | 2000100737 | 2000100737 | 旧书回溯/ [索取号:Q50/1] | 在馆 |